[Event "RUS-ch Seniors"]
[Site "Odintsovo"]
[Date "2011.04.20"]
[Round "2"]
[White "Makovetsky, Boris"]
[Black "Rosanov, Lev I"]
[Result "1/2-1/2"]
[WhiteElo "2180"]
[BlackElo "2042"]
[PlyCount "94"]
[EventDate "2011.04.19"]
[EventType "swiss"]
[EventRounds "9"]
[EventCountry "RUS"]
[SourceTitle "CBM 142 Extra"]
[Source "ChessBase"]
[SourceDate "2011.06.27"]
[SourceVersion "1"]
[SourceVersionDate "2011.06.27"]
[SourceQuality "1"]

1. e4 c5 2. Nf3 e6 3. c4 Nc6 4. Nc3 g6 5. d4 cxd4 6. Nxd4 a6 7. Nxc6 bxc6 8. Qd4 f6 9. c5 e5 10. Qc4 a5 11. Be3 Ba6 12. Qa4 Bxf1 13. Rxf1 Bh6 14. 0-0-0 Bxe3+ 15. fxe3 Nh6 16. Rd6 0-0 17. Qc4+ Kg7 18. Rfd1 Rf7 19. Na4 Ra7 20. Rxc6 Ng4 21. Qe2 Qa8 22. Rdd6 dxc6 23. Qxg4 Rae7 24. Qe2 Rc7 25. g4 Qb8 26. Nb6 Qa7 27. Qd3 a4 28. Qc3 Qa6 29. g5 Qf1+ 30. Rd1 Qf3 31. gxf6+ Qxf6 32. Nc4 Rfd7 33. Nd6 Kh6 34. Qc4 Ra7 35. Rf1 Qg5 36. Qc3 Qg2 37. Qe1 Qh3 38. Rf6 a3 39. b4 Kg5 40. Qf2 h5 41. Kc2 Qg4 42. h4+ Kh6 43. Kc3 Qd1 44. Qg3 Qc1+ 45. Kd3 Qd1+ 46. Kc3 Qc1+ 47. Kd3 Qd1+ 1/2-1/2

[Event "Moscow op-E"]
[Site "Moscow"]
[Date "2011.02.04"]
[Round "7.183"]
[White "Rosanov, Lev I"]
[Black "Khvostov, Eduard"]
[Result "0-1"]
[WhiteElo "2075"]
[BlackElo "1875"]
[PlyCount "82"]
[EventDate "2011.01.29"]
[EventType "swiss"]
[EventRounds "9"]
[EventCountry "RUS"]
[SourceTitle "EXT 2022"]
[Source "ChessBase"]
[SourceDate "2021.10.06"]
[SourceVersion "1"]
[SourceVersionDate "2021.10.06"]
[SourceQuality "1"]

1. e4 c6 2. d4 d5 3. e5 Bf5 4. Nf3 h6 5. c4 e6 6. cxd5 cxd5 7. Bb5+ Nc6 8. 0-0 Rc8 9. Be3 Bb4 10. a3 Ba5 11. b4 Bb6 12. Nc3 a6 13. Bxc6+ Rxc6 14. Na4 Ba7 15. Nc5 Qc8 16. Qa4 b5 17. Qb3 Ne7 18. Rfc1 0-0 19. h3 Bxc5 20. bxc5 Qb7 21. Qb4 Bd3 22. Nd2 Rb8 23. Nb3 Qa7 24. Na5 Rcc8 25. Qd2 Bc4 26. Rc3 Qc7 27. Rc2 Nf5 28. Rb2 Qd8 29. g3 Ne7 30. Rab1 Nc6 31. Nxc6 Rxc6 32. a4 Rcc8 33. Kg2 bxa4 34. Rxb8 Rxb8 35. Rxb8 Qxb8 36. Qa5 Qb5 37. Qd8+ Kh7 38. Qe7 Bf1+ 39. Kh2 Qd3 40. Qh4 Qf5 41. c6 Qf3 0-1

[Event "Moscow op-E"]
[Site "Moscow"]
[Date "2011.01.30"]
[Round "2.176"]
[White "Nazarov, Ilya"]
[Black "Rosanov, Lev I"]
[Result "1-0"]
[WhiteElo "1881"]
[BlackElo "2075"]
[PlyCount "131"]
[EventDate "2011.01.29"]
[EventType "swiss"]
[EventRounds "9"]
[EventCountry "RUS"]
[SourceTitle "EXT 2022"]
[Source "ChessBase"]
[SourceDate "2021.10.06"]
[SourceVersion "1"]
[SourceVersionDate "2021.10.06"]
[SourceQuality "1"]

1. e4 c5 2. d4 cxd4 3. c3 Nf6 4. e5 Nd5 5. Nf3 Nc6 6. cxd4 d6 7. Bc4 Nb6 8. Bb5 Bd7 9. Nc3 e6 10. Bg5 Be7 11. Ne4 Nc8 12. 0-0 h6 13. Bxe7 Qxe7 14. Rc1 0-0 15. Qe2 a6 16. Bd3 d5 17. Nc5 Nb4 18. Rfd1 Nxd3 19. Qxd3 Bb5 20. Qd2 b6 21. Nd3 Na7 22. b3 Rfc8 23. Nf4 Be8 24. h3 Nc6 25. Nh5 Qf8 26. Nf4 Qb4 27. Qe3 a5 28. Nh4 Qe7 29. Qg3 Qg5 30. Rc3 Ne7 31. Rdd3 Bb5 32. Rf3 Qxg3 33. Rxc8+ Rxc8 34. Rxg3 Rc1+ 35. Kh2 Rc2 36. a4 Be8 37. Nh5 Ng6 38. Nxg6 fxg6 39. Nf4 Bf7 40. Nxg6 Bxg6 41. Rxg6 Kf7 42. Rg3 Rd2 43. Rc3 Rxd4 44. Rc7+ Kg6 45. Rc6 Rb4 46. Rxe6+ Kf5 47. Re8 Rxb3 48. g4+ Kg6 49. f4 Kf7 50. Rd8 Rb4 51. f5 Rxa4 52. Rxd5 Rb4 53. Rd7+ Kf8 54. e6 a4 55. Rd8+ Ke7 56. Rd7+ Kf8 57. Kg3 Rb3+ 58. Kh4 a3 59. Ra7 b5 60. Kh5 Rxh3+ 61. Kg6 Rg3 62. e7+ Ke8 63. Kxg7 Rxg4+ 64. Kf6 Ra4 65. Rxa4 bxa4 66. Ke6 1-0

[Event "FRA-RUS Seniors"]
[Site "Paris"]
[Date "2010.11.06"]
[Round "7"]
[White "Birens, Eric Andre"]
[Black "Rosanov, Lev I"]
[Result "1-0"]
[WhiteElo "2056"]
[BlackElo "2039"]
[PlyCount "85"]
[EventDate "2010.11.06"]
[EventType "team-match"]
[EventRounds "10"]
[EventCountry "FRA"]
[SourceTitle "EXT 2012"]
[Source "ChessBase"]
[SourceDate "2011.11.24"]
[SourceVersion "1"]
[SourceVersionDate "2011.11.24"]
[SourceQuality "1"]

1. d4 c5 2. d5 d6 3. c4 Nf6 4. Nc3 g6 5. e4 Bg7 6. f4 0-0 7. Nf3 e6 8. Be2 exd5 9. cxd5 Re8 10. Nd2 Na6 11. 0-0 Nc7 12. a4 a6 13. Bf3 Rb8 14. a5 Bd7 15. Nc4 Bb5 16. Qb3 Bxc4 17. Qxc4 Qd7 18. Be3 Nb5 19. e5 Nh5 20. Ne4 dxe5 21. Nxc5 Qc7 22. Bxh5 gxh5 23. f5 Bf6 24. Qe2 Nd4 25. Bxd4 exd4 26. Ne4 Qe5 27. Rae1 h4 28. Qd2 Kh8 29. Qh6 Bg7 30. Qxh4 f6 31. Rf3 b6 32. Rh3 h6 33. d6 bxa5 34. Qh5 Qf4 35. Rh4 Qg5 36. Nxg5 Rxe1+ 37. Kf2 fxg5 38. Kxe1 gxh4 39. d7 Rg8 40. f6 h3 41. g3 Kh7 42. Qf5+ Kh8 43. fxg7+ 1-0

[Event "RUS-ch Seniors"]
[Site "Lesnoj Gorodok"]
[Date "2009.10.06"]
[Round "4"]
[White "Rosanov, Lev I"]
[Black "Vager, Boris"]
[Result "1/2-1/2"]
[WhiteElo "2108"]
[BlackElo "2125"]
[PlyCount "74"]
[EventDate "2009.10.03"]
[EventType "swiss"]
[EventRounds "9"]
[EventCountry "RUS"]
[SourceTitle "CBM 132 Extra"]
[Source "ChessBase"]
[SourceDate "2009.11.03"]
[SourceVersion "1"]
[SourceVersionDate "2009.11.03"]
[SourceQuality "1"]

1. e4 c5 2. Nf3 e6 3. d4 cxd4 4. Nxd4 Nf6 5. Nc3 Nc6 6. Ndb5 Bb4 7. a3 Bxc3+ 8. Nxc3 d5 9. exd5 Nxd5 10. Bd2 0-0 11. Bd3 Nf6 12. Bg5 h6 13. Bh4 Qd4 14. Bg3 e5 15. f3 Qe3+ 16. Qe2 Qxe2+ 17. Nxe2 Re8 18. 0-0 e4 19. fxe4 Nxe4 20. Bxe4 Rxe4 21. Nc3 Rc4 22. Rf2 Be6 23. Rd1 Rd4 24. Rxd4 Nxd4 25. Rd2 Rd8 26. Kf2 Rd7 27. Ne4 Nf5 28. Rxd7 Bxd7 29. Bb8 a6 30. Ba7 Bc6 31. Nd2 h5 32. c4 f6 33. b4 Kf7 34. Nb1 b5 35. Nd2 Ke6 36. g3 Ke5 37. Ke2 g5 1/2-1/2

[Event "Moscow op-B"]
[Site "Moscow"]
[Date "2009.02.08"]
[Round "9"]
[White "Rosanov, Lev I"]
[Black "Bazarov, Konstantin"]
[Result "0-1"]
[WhiteElo "2129"]
[BlackElo "2256"]
[PlyCount "90"]
[EventDate "2009.01.31"]
[EventType "swiss"]
[EventRounds "9"]
[EventCountry "RUS"]
[SourceTitle "EXT 2012"]
[Source "ChessBase"]
[SourceDate "2011.11.24"]
[SourceVersion "1"]
[SourceVersionDate "2011.11.24"]
[SourceQuality "1"]

1. e4 d5 2. exd5 Qxd5 3. Nc3 Qd6 4. d4 Nf6 5. Nf3 a6 6. Be2 Nc6 7. 0-0 Bf5 8. Be3 h6 9. h3 g5 10. d5 Nb4 11. Nd4 Bg6 12. Bf3 Nbxd5 13. Bxd5 Nxd5 14. Ncb5 axb5 15. Nxb5 Qd7 16. Qxd5 Bg7 17. c3 c6 18. Qxd7+ Kxd7 19. Rfd1+ Kc8 20. Nd4 Rd8 21. a3 e5 22. Nf3 Kc7 23. g4 f6 24. Ne1 Bf8 25. Kf1 Be7 26. Ke2 h5 27. Rxd8 Rxd8 28. Rd1 Rh8 29. Nd3 Bf7 30. Nc5 Bd5 31. a4 hxg4 32. hxg4 Rh3 33. Rg1 Rxe3+ 34. fxe3 Bxc5 35. b4 Be7 36. Kd3 e4+ 37. Kd4 Bd6 38. a5 Be5+ 39. Kc5 Bxc3 40. Rh1 Bd2 41. Rh7+ Kb8 42. Rh3 Be6 43. Rh8+ Ka7 44. a6 Bxe3+ 45. Kd6 Bxg4 0-1

[Event "RUS-ch Seniors"]
[Site "Odintsovo"]
[Date "2008.10.08"]
[Round "6"]
[White "Malov, Lev Pavlovich"]
[Black "Rosanov, Lev I"]
[Result "1/2-1/2"]
[WhiteElo "2042"]
[BlackElo "2127"]
[PlyCount "90"]
[EventDate "2008.10.02"]
[EventType "swiss"]
[EventRounds "9"]
[EventCountry "RUS"]
[SourceTitle "CBM 127 Extra"]
[Source "ChessBase"]
[SourceDate "2009.01.08"]
[SourceVersion "2"]
[SourceVersionDate "2009.01.28"]
[SourceQuality "1"]

1. d4 d5 2. Nf3 Nf6 3. Nc3 Bf5 4. Bg5 e6 5. e3 h6 6. Bxf6 Qxf6 7. Bd3 Be7 8. Bxf5 Qxf5 9. Qe2 0-0 10. 0-0 Nd7 11. e4 dxe4 12. Qxe4 Qxe4 13. Nxe4 Nf6 14. Nxf6+ Bxf6 15. c3 Rfd8 16. Rfd1 Rd7 17. Kf1 Rad8 18. Ke2 h5 19. h4 Kh7 20. g3 Kg6 21. Ne1 e5 22. dxe5 Bxe5 23. Rxd7 Rxd7 24. Nd3 Bd6 25. Rd1 Kf5 26. Kf3 Be5 27. Ke2 f6 28. Nxe5 Rxd1 29. Kxd1 Kxe5 30. Ke2 g5 31. Ke3 c5 32. c4 a6 33. b3 Kf5 34. Kf3 b6 35. a3 Ke5 36. Ke3 Kf5 37. Kf3 g4+ 38. Ke3 Ke5 39. Kd3 f5 40. Ke3 a5 41. a4 f4+ 42. Kd3 Kf5 43. Kd2 Ke4 44. Ke2 Ke5 45. Kd3 Kf5 1/2-1/2

[Event "RUS-ch Seniors"]
[Site "Odintsovo"]
[Date "2008.10.07"]
[Round "5"]
[White "Rosanov, Lev I"]
[Black "Novogrudsky, Nikolay"]
[Result "0-1"]
[WhiteElo "2127"]
[BlackElo "2226"]
[PlyCount "69"]
[EventDate "2008.10.02"]
[EventType "swiss"]
[EventRounds "9"]
[EventCountry "RUS"]
[SourceTitle "CBM 127 Extra"]
[Source "ChessBase"]
[SourceDate "2009.01.08"]
[SourceVersion "2"]
[SourceVersionDate "2009.01.28"]
[SourceQuality "1"]

1. e4 c5 2. Nf3 Nc6 3. Nc3 d6 4. d4 cxd4 5. Nxd4 Nf6 6. Bg5 Bd7 7. Qd2 Rc8 8. Nb3 a6 9. Be2 e6 10. 0-0 Be7 11. Rad1 0-0 12. f4 Qb6+ 13. Kh1 Rfd8 14. Qe1 Be8 15. Bf3 Qc7 16. Qg3 Kh8 17. Rf2 h6 18. Qh3 Ng8 19. Rfd2 Bxg5 20. fxg5 Ne5 21. Be2 Qe7 22. gxh6 gxh6 23. Nd4 Kh7 24. Nf3 Rc5 25. Qg3 Bc6 26. Nxe5 Rxe5 27. Rxd6 Rg5 28. Qd3 Rxd6 29. Qxd6 Qxd6 30. Rxd6 Re5 31. Kg1 Nf6 32. Bd3 Kg7 33. Rd4 Rg5 34. g3 Nd7 35. Rd6 0-1

[Event "RUS-ch Seniors"]
[Site "Odintsovo"]
[Date "2008.10.06"]
[Round "4"]
[White "Degtiarev, Viktor"]
[Black "Rosanov, Lev I"]
[Result "0-1"]
[WhiteElo "1894"]
[BlackElo "2127"]
[PlyCount "116"]
[EventDate "2008.10.02"]
[EventType "swiss"]
[EventRounds "9"]
[EventCountry "RUS"]
[SourceTitle "CBM 127 Extra"]
[Source "ChessBase"]
[SourceDate "2009.01.08"]
[SourceVersion "2"]
[SourceVersionDate "2009.01.28"]
[SourceQuality "1"]

1. e4 c5 2. Nf3 e6 3. d4 cxd4 4. Nxd4 a6 5. a3 Nf6 6. Nc3 Qc7 7. Be3 d6 8. Be2 Be7 9. Qd2 Nbd7 10. 0-0 0-0 11. Nb3 b5 12. f3 Nb6 13. Bxb6 Qxb6+ 14. Qd4 Qxd4+ 15. Nxd4 Bb7 16. Bd3 Rac8 17. Rac1 g6 18. Rfd1 Nd7 19. Nb3 Bg5 20. Rb1 Be3+ 21. Kf1 f5 22. Be2 fxe4 23. Rxd6 exf3 24. Bxf3 Ne5 25. Ke2 Nxf3 26. gxf3 Bg5 27. Rf1 e5 28. Re6 Bf4 29. Rf2 Rc7 30. Na5 Bc8 31. Rc6 Rxc6 32. Nxc6 Bb7 33. Nb4 Bh6 34. Nd3 Re8 35. Ne4 Rc8 36. c3 Bf4 37. Rg2 Rf8 38. h4 Bd5 39. Nxf4 Rxf4 40. Rg4 Rxg4 41. Nf6+ Kf7 42. Nxg4 Ke6 43. Ke3 Kf5 44. Nh6+ Ke6 45. Ng4 h5 46. Nf2 Kf5 47. Nd3 Bxf3 48. Nxe5 Kxe5 49. Kxf3 g5 50. hxg5 Kf5 51. g6 Kxg6 52. Kf4 Kf6 53. b3 Ke6 54. c4 bxc4 55. bxc4 Kd6 56. Kg5 Kc5 57. Kxh5 Kxc4 58. Kg4 Kb3 0-1

[Event "Moscow op-B 04th"]
[Site "Moscow"]
[Date "2008.02.08"]
[Round "7"]
[White "Yuganova, Marina"]
[Black "Rosanov, Lev I"]
[Result "0-1"]
[WhiteElo "1954"]
[BlackElo "2145"]
[PlyCount "76"]
[EventDate "2008.02.02"]
[EventType "swiss"]
[EventRounds "9"]
[EventCountry "RUS"]
[SourceTitle "CBM 122 Extra"]
[Source "ChessBase"]
[SourceDate "2008.03.04"]
[SourceVersion "1"]
[SourceVersionDate "2008.03.04"]
[SourceQuality "1"]

1. c4 e5 2. g3 Nf6 3. Bg2 Nc6 4. a3 g6 5. Nc3 Bg7 6. e3 0-0 7. Nge2 d6 8. 0-0 Be6 9. Nd5 Ne7 10. Nxe7+ Qxe7 11. b3 c6 12. d4 Bg4 13. Bb2 Rad8 14. h3 Bc8 15. Qc2 Rfe8 16. Rad1 h5 17. c5 e4 18. cxd6 Qxd6 19. Nc3 Bf5 20. Na4 Qc7 21. Nc5 Qc8 22. Kh2 Re7 23. b4 Rde8 24. Rc1 Nh7 25. d5 cxd5 26. Bxg7 Kxg7 27. Qb2+ f6 28. Nxe4 Qe6 29. Nc5 Qf7 30. Rfd1 Re5 31. Qb3 h4 32. g4 Bc8 33. Bxd5 Qe7 34. Nd3 Rxe3 35. fxe3 Qxe3 36. Ne1 Qf4+ 37. Kg1 Re3 38. Kg2 Rxb3 0-1

[Event "Moscow op-B 04th"]
[Site "Moscow"]
[Date "2008.02.03"]
[Round "2"]
[White "Rosanov, Lev I"]
[Black "Raisov, Erik"]
[Result "1-0"]
[WhiteElo "2145"]
[BlackElo "1912"]
[PlyCount "43"]
[EventDate "2008.02.02"]
[EventType "swiss"]
[EventRounds "9"]
[EventCountry "RUS"]
[SourceTitle "CBM 122 Extra"]
[Source "ChessBase"]
[SourceDate "2008.03.04"]
[SourceVersion "1"]
[SourceVersionDate "2008.03.04"]
[SourceQuality "1"]

1. e4 c5 2. Nf3 Nc6 3. Nc3 d6 4. d4 cxd4 5. Nxd4 a6 6. Bc4 Nf6 7. Nxc6 bxc6 8. e5 Nd7 9. f4 dxe5 10. 0-0 e6 11. f5 Nf6 12. Qxd8+ Kxd8 13. fxe6 fxe6 14. Bg5 Be7 15. Rae1 h6 16. Bh4 g5 17. Bg3 Ng4 18. Bxe5 Bc5+ 19. Kh1 Nf2+ 20. Rxf2 Bxf2 21. Rd1+ Ke7 22. Bxh8 1-0

[Event "RUS-Cup02"]
[Site "Moscow"]
[Date "1998.??.??"]
[Round "8"]
[White "Rosanov, Lev I"]
[Black "Bondar, Anatoly T"]
[Result "0-1"]
[WhiteElo "2135"]
[BlackElo "2190"]
[PlyCount "45"]
[EventDate "1998.01.21"]
[EventType "swiss"]
[EventRounds "9"]
[EventCountry "RUS"]
[SourceTitle "EXT 1999"]
[Source "ChessBase"]
[SourceDate "1998.11.16"]
[SourceVersion "1"]
[SourceVersionDate "1998.11.16"]
[SourceQuality "1"]

1. e4 Nc6 2. d4 d5 3. e5 Bf5 4. Nf3 e6 5. Be2 f6 6. 0-0 fxe5 7. dxe5 Bc5 8. c3 Nge7 9. b4 Bb6 10. b5 Nb8 11. a4 Ng6 12. Ba3 Nd7 13. Nbd2 Ngxe5 14. Nxe5 Nxe5 15. Bh5+ g6 16. Qe2 Qf6 17. Rfe1 Nd3 18. Bf3 Bxf2+ 19. Qxf2 Nxf2 20. Kxf2 Qxc3 21. Nf1 0-0-0 22. Ne3 e5 23. Bxd5 0-1

[Event "Alushta-B"]
[Site "Alushta"]
[Date "1997.??.??"]
[Round "3"]
[White "Andreev, Eduard"]
[Black "Rosanov, Lev I"]
[Result "1-0"]
[WhiteElo "2335"]
[BlackElo "2155"]
[PlyCount "122"]
[EventDate "1997.??.??"]
[EventType "tourn"]
[EventRounds "11"]
[EventCountry "UKR"]
[EventCategory "3"]
[SourceTitle "EXT 2000"]
[Source "ChessBase"]
[SourceDate "1999.11.16"]
[SourceVersion "1"]
[SourceVersionDate "1999.11.16"]
[SourceQuality "1"]

1. e4 c5 2. Nf3 Nc6 3. d4 cxd4 4. Nxd4 e5 5. Nb5 d6 6. c4 Be7 7. b3 a6 8. N5c3 Be6 9. Be2 Bg5 10. Bb2 Nd4 11. 0-0 Ne7 12. Bd3 0-0 13. Ne2 Nxe2+ 14. Bxe2 Ng6 15. Nc3 Nf4 16. Bf3 Rc8 17. a4 Kh8 18. g3 Nh3+ 19. Kg2 Be7 20. Bg4 Ng5 21. Bxe6 fxe6 22. f3 Qb6 23. a5 Qc6 24. h4 Nf7 25. Na4 Rcd8 26. Ba3 g5 27. hxg5 Nxg5 28. Qe2 Rf7 29. Bc1 Rdf8 30. Bxg5 Bxg5 31. Rad1 Be7 32. Rf2 Rg7 33. Rh1 Qe8 34. Rh3 Qg6 35. Rf1 Bg5 36. Rd1 Bf4 37. Qf2 Rfg8 38. g4 Rd8 39. Qb6 Rgd7 40. Qb4 Be3 41. Nb6 Bc5 42. Qe1 Rf7 43. Rd3 Rdf8 44. Qd2 Bd4 45. Rh6 Qg7 46. Rh4 Rf4 47. Qe1 Qg6 48. Rh3 Qg5 49. Na4 Qd8 50. Rh5 R8f7 51. Qd2 Qg8 52. Rh3 Qd8 53. Nc3 Bxc3 54. Qxc3 Qc7 55. Qd2 b5 56. cxb5 d5 57. b6 Qb7 58. Rc3 dxe4 59. Qd8+ Rf8 60. Qc7 exf3+ 61. Kf2 Qe4 1-0

[Event "Moscow-ch"]
[Site "Moscow"]
[Date "1996.??.??"]
[Round "2"]
[White "Kalugin, Sergey V"]
[Black "Rosanov, Lev I"]
[Result "1-0"]
[WhiteElo "2460"]
[BlackElo "2195"]
[PlyCount "85"]
[EventDate "1996.08.??"]
[EventType "swiss"]
[EventRounds "11"]
[EventCountry "RUS"]
[SourceTitle "CBM 055 Extra"]
[Source "ChessBase"]
[SourceDate "1997.01.01"]
[SourceVersion "1"]
[SourceVersionDate "1997.01.01"]
[SourceQuality "1"]

1. d4 Nf6 2. Bg5 Ne4 3. h4 c5 4. dxc5 Qa5+ 5. Nd2 Nxg5 6. hxg5 Qxc5 7. Ngf3 g6 8. e3 Bg7 9. c3 Qb6 10. Rb1 d5 11. Bd3 Nc6 12. Kf1 e5 13. e4 Be6 14. exd5 Bxd5 15. Nc4 Qc7 16. Qa4 0-0-0 17. Be2 Kb8 18. Ne3 Be6 19. Rd1 Rxd1+ 20. Bxd1 h5 21. Bb3 Qd7 22. Ke2 Bxb3 23. axb3 Re8 24. Rd1 Qe6 25. Rd5 e4 26. Nd2 Be5 27. Qxe4 Bxc3 28. bxc3 Qxe4 29. Nxe4 Rxe4 30. b4 Kc7 31. Kd3 Rh4 32. Rc5 b6 33. Rd5 Rh2 34. b5 Nd8 35. Ke4 Ne6 36. Ke5 Nxg5 37. Rd1 Ne6 38. Kf6 Nf4 39. Ke7 g5 40. Rd7+ Kc8 41. Nc4 Rxg2 42. Nd6+ Kb8 43. Rd8+ 1-0

[Event "Moscow-ch"]
[Site "Moscow"]
[Date "1996.??.??"]
[Round "11"]
[White "Kravets, Vladislav V"]
[Black "Rosanov, Lev I"]
[Result "1/2-1/2"]
[WhiteElo "2310"]
[BlackElo "2195"]
[PlyCount "101"]
[EventDate "1996.08.??"]
[EventType "swiss"]
[EventRounds "11"]
[EventCountry "RUS"]
[SourceTitle "CBM 055 Extra"]
[Source "ChessBase"]
[SourceDate "1997.01.01"]
[SourceVersion "1"]
[SourceVersionDate "1997.01.01"]
[SourceQuality "1"]

1. c4 e5 2. Nc3 Nc6 3. g3 Nf6 4. Bg2 Bb4 5. Nf3 0-0 6. a3 Bxc3 7. bxc3 e4 8. Nd4 Ne5 9. d3 Re8 10. 0-0 d6 11. h3 h6 12. f4 Ng6 13. Nc2 Bd7 14. Ne3 exd3 15. exd3 Bc6 16. Nd5 Bxd5 17. cxd5 Qd7 18. Bd2 Re7 19. Re1 Rae8 20. Rxe7 Nxe7 21. Qb3 b6 22. Re1 Nf5 23. Rxe8+ Qxe8 24. Kf2 h5 25. Qc4 h4 26. g4 Ng3 27. Bf3 Qe7 28. Qa6 Nxd5 29. Qxa7 Nf6 30. Be3 Kh7 31. Qb7 d5 32. Qa7 Qd6 33. Qa4 c5 34. c4 d4 35. Bd2 Nd7 36. Qc6 Qe7 37. Qd5 f6 38. Be4+ g6 39. Bf3 f5 40. g5 Kg7 41. Qc6 Kf7 42. Bd5+ Kg7 43. Qe6 Qxe6 44. Bxe6 Nf8 45. Bd5 Nd7 46. Bf3 Nf8 47. Bd5 Nd7 48. Be1 Kf8 49. Kf3 Ke7 50. Bxg3 hxg3 51. Kxg3 1/2-1/2

[Event "Moscow-ch"]
[Site "Moscow"]
[Date "1996.??.??"]
[Round "10"]
[White "Rosanov, Lev I"]
[Black "Grigoriants, Sergey"]
[Result "0-1"]
[WhiteElo "2195"]
[BlackElo "2275"]
[PlyCount "52"]
[EventDate "1996.08.??"]
[EventType "swiss"]
[EventRounds "11"]
[EventCountry "RUS"]
[SourceTitle "CBM 055 Extra"]
[Source "ChessBase"]
[SourceDate "1997.01.01"]
[SourceVersion "1"]
[SourceVersionDate "1997.01.01"]
[SourceQuality "1"]

1. e4 c5 2. Nf3 Nc6 3. d4 cxd4 4. Nxd4 Nf6 5. Nc3 d6 6. Bc4 e6 7. Bb3 a6 8. Be3 Qc7 9. Qe2 Na5 10. g4 Nxb3 11. axb3 e5 12. Ndb5 Qb8 13. g5 axb5 14. Rxa8 Qxa8 15. gxf6 gxf6 16. Qxb5+ Bd7 17. Qd3 Qa1+ 18. Nd1 Rg8 19. Kd2 Bc6 20. Re1 Be7 21. c4 Rg4 22. f3 Rh4 23. Bg1 f5 24. exf5 Rh3 25. c5 Bg5+ 26. Kc2 Qc1# 0-1

[Event "RUS-Cup2"]
[Site "Moscow"]
[Date "1996.??.??"]
[Round "1"]
[White "Rosanov, Lev I"]
[Black "Iskusnyh, Sergei"]
[Result "0-1"]
[WhiteElo "2195"]
[BlackElo "2460"]
[PlyCount "44"]
[EventDate "1996.11.28"]
[EventType "swiss"]
[EventRounds "9"]
[EventCountry "RUS"]
[SourceTitle "CBM 056 Extra"]
[Source "ChessBase"]
[SourceDate "1997.03.01"]
[SourceVersion "1"]
[SourceVersionDate "1997.03.01"]
[SourceQuality "1"]

1. e4 c5 2. Nf3 Nc6 3. Bb5 g6 4. 0-0 Bg7 5. Re1 e5 6. c3 Nge7 7. d4 cxd4 8. cxd4 Nxd4 9. Nxd4 exd4 10. Bg5 h6 11. Bh4 0-0 12. Nd2 d6 13. Nb3 g5 14. Bg3 Qb6 15. Bc4 Ng6 16. f3 Be6 17. Bf1 Rfd8 18. Bf2 Bxb3 19. axb3 d5 20. Ra4 dxe4 21. Rxe4 Rd7 22. Bxd4 Bxd4+ 0-1

[Event "Moscow-ch"]
[Site "Moscow"]
[Date "1996.??.??"]
[Round "8"]
[White "Rosanov, Lev I"]
[Black "Zhurina, Elizaveta"]
[Result "0-1"]
[WhiteElo "2195"]
[BlackElo "2310"]
[PlyCount "102"]
[EventDate "1996.08.??"]
[EventType "swiss"]
[EventRounds "11"]
[EventCountry "RUS"]
[SourceTitle "CBM 055 Extra"]
[Source "ChessBase"]
[SourceDate "1997.01.01"]
[SourceVersion "1"]
[SourceVersionDate "1997.01.01"]
[SourceQuality "1"]

1. e4 d5 2. exd5 Nf6 3. Nf3 Nxd5 4. Bc4 c6 5. 0-0 g6 6. Nc3 Bg7 7. d4 0-0 8. Re1 Bg4 9. Bg5 Nf6 10. Bb3 Na6 11. h3 Bxf3 12. Qxf3 Nc7 13. Rad1 h6 14. Bc1 e6 15. Ne4 Nxe4 16. Rxe4 Nd5 17. h4 Nf6 18. Re2 a5 19. a4 Nd5 20. h5 g5 21. c3 Qd6 22. Rde1 Rae8 23. Bc2 Re7 24. Qd3 f5 25. g4 Rf6 26. gxf5 exf5 27. Bb3 Rxe2 28. Qxe2 Kh7 29. Qf3 Rf8 30. Bc2 Qd7 31. Bd2 Kh8 32. Qe2 Qf7 33. Kg2 g4 34. Qe6 Qc7 35. Kf1 Nf4 36. Qe7 Qb8 37. Re5 Bf6 38. Qc5 Bxe5 39. dxe5 Ne6 40. Qxa5 b6 41. Qb4 c5 42. Qb3 Qxe5 43. Qxb6 Qd5 44. Be3 g3 45. Bb3 Qd3+ 46. Kg2 Qe4+ 47. Kf1 Qb1+ 48. Kg2 gxf2 49. Kxf2 Qxb2+ 50. Kf3 f4 51. Qxe6 fxe3+ 0-1